000 00590nam a22001937a 4500
999 _c191760
_d191760
005 20220902104922.0
010 _aUR-11698
020 _a9789391238520
_c300.00
035 _aU-10253
037 _bDBAD/PUB
_a-
082 _a841
100 _aپرویز اختر
245 _aخلیش /
_cپرویز اختر
_hا ر د و
246 _aKhalish /
_bby Parvez Akhtar
260 _aNew Delhi
_bEducational Publishing House
_c2021 ء
270 _aH.O. D1/16, Ansari Road, Daryaganj
_bNew Delhi
_e110002
300 _a256 ص
_c22cm(Hb)
942 _2ddc
_cUR
_h841
_mپ ر و